Statistics for Clubs Cristiano Ronaldo has scored the most goals against

Click here to take the quiz!

General Stats

  • This quiz has been taken 348 times
  • The average score is 6 of 10

Answer Stats

Number of GoalsClub% Correct
18FC Barcelona
98%
22Atletico Madrid
88%
27Sevilla FC
80%
15Valencia
69%
17Athletic Bilbao
60%
15Real Sociedad
49%
23Getafe CF
42%
15Espanyol
36%
17Malaga CF
35%
20Celta Vigo
33%

Score Distribution

Percentile by Number Answered

Percent of People with Each Score

Your Score History

You have not taken this quiz